书目信息 |
| 书名: | Contributions to the theory of Riemann surfaces | |
| 作者: | edited by L.V. Ahlfors [and others] | |
| 分册号: | ||
| 分册名: | 出版地: | Princeton, N.J. : |
|
| 出版社: | Princeton University Press | |
| 出版时间: | 1953. | |
| 页数: | v, 264 p. ; | |
| 开本: | 26 cm. | |
| 丛书名: | Annals of mathematics studies | |
| 中图分类号: | ||
| 科图分类号: | ||
| 其他分类号: | O184 | |
| 主题词: | ||
| 电子资源: | ||
| 000 | 00923nam 2200265 a 4500 | |
| 001 | E0756838759 | |
| 004 | 001120395 | |
| 005 | 20070727155331.43 | |
| 008 | 000 0 eng | |
| 008 | 4001uueng0000000 | |
| 010 | @a52013145 | |
| 040 | @aDLC @cWSU @dm.c. @dSER @dTOL @dCcBjTSG | |
| 050 | 00 | @aQA333 @b.A4 |
| 090 | @aQA333 @bA28 | |
| 090 | @aO184 | |
| 096 | @aQA333 | |
| 099 | @dO184@ex10 | |
| 245 | 00 | @aContributions to the theory of Riemann surfaces :@bcentennial celebration of Riemann's dissertation / @cedited by L.V. Ahlfors [and others] |
| 260 | @aPrinceton, N.J. :@bPrinceton University Press,@c1953. | |
| 300 | @av, 264 p. ;@c26 cm. | |
| 440 | 0 | @aAnnals of mathematics studies @vno. 30 |
| 504 | @aIncludes bibliographies. | |
| 650 | 0 | @aRiemann surfaces. |
| 700 | 1 | @aAhlfors, Lars Valerian, @d1907- @b40 @c20041220 @lNLC09 @h1615 @b40 @c20050119 @lNLC09 @h0855 |
| 852 | 01 | @bWWJC @cJ17N @hQA333 @iA28 |
| Contributions to the theory of Riemann surfaces : : centennial celebration of Riemann's dissertation / / edited by L.V. Ahlfors [and others].-Princeton, N.J. : : Princeton University Press, , 1953. |
| v, 264 p. ; ; 26 cm.- (Annals of mathematics studies no. 30 ) |
| Includes bibliographies. |
| ISBN |
| ● |
| 相关链接 |
|
|
|
|
正题名:Contributions to the theory of Riemann surfaces
索取号:O184/x10
 
预约/预借
| 序号 | 登录号 | 条形码 | 馆藏地/架位号 | 状态 | 备注 |
| 1 | 0014485 | 300144859 | 第二样本阅览室/ [索取号:O184/x10] | 在馆 |